| 000 | 005300000a22001810004500 | ||
|---|---|---|---|
| 003 | MACL | ||
| 005 | 20160119163524.0 | ||
| 008 | 160119b xxu||||| |||| 00| 0 eng d | ||
| 040 |
_aMACL _cMACL |
||
| 041 | _aHindi | ||
| 082 | _a001/MAL | ||
| 100 |
_aडॉ के सी मलैया _933341 |
||
| 245 | _aमध्यप्रदेश क्विज बुक | ||
| 260 |
_bपुस्तक महल _c1997 _aदिल्ली |
||
| 350 | _a60 | ||
| 650 |
_aGeneralities _91354 |
||
| 942 |
_cHIN _k001/ MAL _2ddc |
||
| 999 |
_c30678 _d30678 |
||